000 00654cam a22002053a 4500
001 45233
003 PGUSA
005 20140828084033.0
008 140327s2014||||xxu|||||s|||||000 | eng d
040 _aPGUSA
_beng
042 _adc
100 1 _aHewitt, William
245 1 0 _aHistory of the Twelfth West Virginia Volunteer Infantry :
_bThe Part It Took in the War of the Rebellion, 1861-1865
_h[electronic resource] /
_cWilliam Hewitt
260 _bProject Gutenberg,
_c2014
506 _aPublic domain in the USA.
516 _aElectronic text
830 0 _aProject Gutenberg
_v45233
856 4 0 _uhttp://www.gutenberg.org/ebooks/45233
942 _cEB
999 _c274484
_d274484